000 00903nam a2200325 a 4500
003 AR-BaBNM
005 20251128205515.0
008 082120s2002 ||||||||||||||000 | spa||
020 _a950-556-280-2
040 _cAR-BaBNM
100 1 _aAller Atucha, Luis María
245 0 0 _aPedagogía de la sexualidad humana
_buna aproximación ideológica y metodológica
250 _a2ª ed.
260 _aBuenos Aires
_bGalerna
_c1995
300 _axii, 205 p.
_btablas
504 _aBibliografía: p. 193-200
650 4 _aEDUCACION SEXUAL
650 4 _aTECNICAS DE ENSEÑANZA
650 4 _aSOCIALIZACION
650 4 _aCOMPORTAMIENTO SEXUAL
650 4 _aSEXO
650 4 _aFISIOLOGIA
650 4 _aANTICONCEPCION
650 4 _aCONTROL DE LA NATALIDAD
653 _aTEMAS TRANSVERSALES
653 _aSIDA
700 1 _aOlivares, Domingo
_eprologuista
942 _cBK
998 _cSILVI
999 _c11674
_d11674